La Bande à Picsou: Générique (Paroles) - Statistiques

Statistiques générales
  • Ce quiz a été pris 235 fois
  • Le résultat moyen est 71 sur 91
Statistiques - réponses
Paroles % Correct
Picsou
99%
Picsou
99%
Picsou
99%
Picsou
99%
Picsou
99%
Picsou
99%
Picsou
99%
Picsou
99%
le
98%
le
98%
le
98%
Le
98%
Le
98%
la
97%
la
97%
la
97%
la
97%
de
94%
de
94%
de
94%
C'est
92%
C'est
92%
C'est
92%
à
91%
à
91%
à
91%
plus
91%
plus
91%
plus
91%
plus
91%
plus
91%
plus
91%
canard
90%
tout
89%
bande
88%
bande
88%
bande
88%
Loulou
86%
Loulou
86%
Riri
86%
Riri
86%
Fifi
85%
Fifi
85%
riche
84%
grand
82%
et
81%
et
81%
En
80%
En
80%
En
80%
En
80%
ville
80%
Il
79%
toute
77%
dans
76%
dans
76%
dans
76%
des
75%
Canardville
74%
or
74%
dollar
72%
Houhou
71%
Houhou
71%
Houhou
71%
Houhou
71%
Houhou
71%
Houhou
71%
milliards
68%
vaut
67%
Nous
65%
Nous
65%
nous
65%
Nous
65%
boss
64%
roublard
61%
entrer
60%
suivant
60%
suivant
60%
On
57%
entrerons
52%
entrerons
52%
chiche
51%
Foi
51%
puissant
41%
ne
39%
du
35%
chez
33%
voulons
32%
veut
29%
claquer
26%
bec
25%
Aucun quiz correspondant
Distribution des résultats
% des personnes avec chaque résultat
Percentile par nombre de réponses
Votre historique - résultats
Vous n’avez pas pris ce quiz